| Tag |
First Indicator |
Second Indicator |
Subfields |
| LEADER |
00000cam a22000004a 4500 |
| 001 |
in00002043821 |
| 005 |
20151101054748.0 |
| 008 |
040512s2004 maua b 001 0 eng |
| 010 |
|
|
|a 2004052293
|
| 020 |
|
|
|a 0674014979
|
| 035 |
|
|
|a (OCoLC)ocm55502700
|
| 040 |
|
|
|a DLC
|c DLC
|d TXA
|d UtOrBLW
|
| 042 |
|
|
|a pcc
|
| 049 |
|
|
|a TXAM
|
| 050 |
0 |
0 |
|a Q174.8
|b .J33 2004
|
| 082 |
0 |
0 |
|a 501
|
| 100 |
1 |
|
|a Jacob, Margaret C.,
|d 1943-
|
| 245 |
1 |
0 |
|a Practical matter :
|b Newton's science in the service of industry and empire, 1687-1851 /
|c Margaret C. Jacob and Larry Stewart.
|
| 264 |
|
1 |
|a Cambridge, Mass. :
|b Harvard University Press,
|c 2004.
|
| 300 |
|
|
|a 201 pages :
|b illustrations ;
|c 22 cm.
|
| 336 |
|
|
|a text
|b txt
|2 rdacontent
|
| 337 |
|
|
|a unmediated
|b n
|2 rdamedia
|
| 338 |
|
|
|a volume
|b nc
|2 rdacarrier
|
| 490 |
1 |
|
|a New histories of science, technology, and medicine
|
| 504 |
|
|
|a Includes bibliographical references and index.
|
| 505 |
0 |
|
|a The Newtonian revolution -- The western paradigm decisively shifts -- Popular audiences and public experiments -- Practicality and the radicalism of experiment -- Putting science to work: European strategies.
|
| 600 |
1 |
0 |
|a Newton, Isaac,
|d 1642-1727.
|
| 650 |
|
0 |
|a Science
|x Philosophy
|x History
|y 17th century.
|
| 650 |
|
0 |
|a Science
|x Philosophy
|x History
|y 18th century.
|
| 650 |
|
0 |
|a Science
|x Philosophy
|x History
|y 19th century.
|
| 650 |
|
0 |
|a Science
|x History
|y 17th century.
|
| 650 |
|
0 |
|a Science
|x History
|y 18th century.
|
| 650 |
|
0 |
|a Science
|x History
|y 19th century.
|
| 700 |
1 |
|
|a Stewart, Larry,
|d 1946-
|
| 830 |
|
0 |
|a New histories of science, technology, and medicine.
|
| 856 |
4 |
1 |
|3 Table of contents
|u http://www.loc.gov/catdir/toc/fy051/2004052293.html
|t 0
|
| 948 |
|
|
|a cataloged
|b h
|c 2005/6/30
|d c
|e dmitchel
|f 2:00:00 pm
|
| 994 |
|
|
|a C0
|b TXA
|
| 999 |
|
|
|a MARS
|
| 999 |
f |
f |
|s 42081c85-1c32-31f8-8add-49eba4fbc0a4
|i 4f00da97-af55-3111-a84d-1981bcd6c94e
|t 0
|
| 952 |
f |
f |
|p ric
|a Texas A&M University
|b Rellis Campus
|c Joint Library Facility
|d Remote Storage
|t 0
|e Q174.8 .J33 2004
|h Library of Congress classification
|i unmediated -- volume
|m A14833137817
|
| 998 |
f |
f |
|a Q174.8 .J33 2004
|t 0
|l Remote Storage
|